Statistics for Страны, Учавствовавшие в Великой Африканской Войне

Click here to take the quiz!

General Stats

  • This quiz has been taken 244 times
  • The average score is 14 of 26

Answer Stats

СторонаУчастиеСтрана% Correct
ПовстанцыПоддержкаЮжно-Африканская Республика
80%
ПовстанцыПоддержкаСоединённые Штаты
78%
ПравительствоПоддержкаРоссия
77%
ПравительствоВоевалаДемократическая Республика Конго
74%
ПравительствоПоддержкаРеспублика Конго
70%
ПравительствоПоддержкаФранция
67%
ПовстанцыПоддержкаВеликобритания
66%
ПравительствоВоевалаЧад
65%
ПравительствоПоддержкаЛивия
64%
ПравительствоПоддержкаЦентральноафриканская Республика
64%
ПравительствоПоддержкаКитай
63%
ПравительствоВоевалаСудан
63%
ПравительствоВоевалаАнгола
62%
ПравительствоПоддержкаЗамбия
57%
ПравительствоВоевалаЗимбабве
54%
ПравительствоВоевалаНамибия
52%
ПовстанцыВоевалаРуанда
50%
ПовстанцыВоевалаУганда
50%
ПовстанцыВоевалаБурунди
45%
ПравительствоПоддержкаБеларусь
32%
ПравительствоПоддержкаИзраиль
29%
ПравительствоПоддержкаСеверная Корея
27%
ПравительствоПоддержкаКуба
21%
ПравительствоПоддержкаЧехия
20%
ПравительствоПоддержкаГрузия
19%
ПовстанцыПоддержкаСловакия
19%

Score Distribution

Percentile by Number Answered

Percent of People with Each Score

Your Score History

You have not taken this quiz